000 00631nam a2200229Ia 4500
005 20260429112222.0
008 260429s9999||||xx |||||||||||||| ||und||
020 _a9789394014763
041 _aEnglish
082 _a121.0954
_bJEN
100 _aJena, Sudhir Kumar
245 0 _aIndian knowledge systems :
_bconcepts and applications /
_cSudhir Kumar Jena
250 _a1st ed.
260 _aNew Delhi :
_bDigital Publishing House,
_c2025.
300 _aix, 259 p.; hb
650 _a Epistemology
650 _a India
650 _a Knowledge
650 _aPhilosophy
700 _a Nayak, Sushant Kumar
942 _cTB
999 _c52953
_d52953